000 00823nam a22002531 4500
001 134460
003 ES-MaACL
005 20260306063014.0
007 t|
008 070911s1968 sp ||||0| spa d
016 7 _zIND2000944344
040 _aM-BN
_bspa
_cCDM
080 _a113/19(04)
100 1 _aWhitehead, Alfred North,
_d1861-1947
_9116695
245 1 3 _aEl concepto de naturaleza /
_cA. N. Whitehead ; versión... de Jesús Díaz.
260 _a[Madrid] :
_bGredos,
_c[1968]
300 _a226 p. ;
_c20 cm.
490 1 _aBiblioteca hispánica de filosofía ;
_v56
650 7 _aFilosofía de la naturaleza
_2embne
_912839
700 1 _aDíaz, Jesús.
_944128
830 0 _aBiblioteca hispánica de filosofía ;
_v56
_9181000
852 _aES-MaACL
_jC-56778
_bR.67603
999 _c134460
_d134460